| 000 | 01632cam a22003491 4500 | ||
|---|---|---|---|
| 001 | 2024158 | ||
| 003 | OSt | ||
| 005 | 20170105101204.0 | ||
| 008 | 711020s1966 enk b 000 0 eng | ||
| 010 | _a 66025316 //r86 | ||
| 015 | _aGB67-6056 | ||
| 035 | _a(OCoLC)ocm00191651 | ||
| 035 | _a(NNC)2024158 | ||
| 040 |
_aDLC _cDLC _dUKM _dZCU |
||
| 043 | _ae-ur--- | ||
| 050 | 0 |
_aBF108.R8 _bO3 |
|
| 082 | _a150/.9/47 | ||
| 090 |
_aBF108.R8 _bOc5 |
||
| 100 | 1 | _aO'Connor, Neil. | |
| 245 | 1 | 0 |
_aPresent-day Russian psychology; _ca symposium by seven authors, edited by Neil O'Connor. |
| 250 | _a[1st ed.] | ||
| 260 |
_aOxford, _aNew York, _bPergamon Press _c[1966] |
||
| 300 |
_axv, 201 p. _c20 cm. |
||
| 490 | 1 | _aThe Commonwealth and international library. Mental health and social medicine division | |
| 504 | _aIncludes bibliographies. | ||
| 505 | 0 | _aEditor's introduction.--Attention, consciousness, and voluntary control of behaviour in Soviet psychology; philosophical roots and research branches, by J. A. Gray.--Psychotherapy in the Soviet Union, by B. H. Kirman.--Some statistical and cybernetic models in recent Soviet psychology, by P. M. A. Rabbitt.--Abnormal psychology in the U.S.S.R., by R. Lynn.--Soviet psycholinguistics, by D. I. Slobin.--Studies on the mental development of the child, by L. Rahmani.--Contemporary Soviet psychology, by J. Brožek. | |
| 650 | 0 |
_aPsychology _zSoviet Union _xHistory. |
|
| 650 | 0 |
_aPsychology _xStudy and teaching _zSoviet Union. |
|
| 830 | 0 |
_aCommonwealth and international library. _pMental health and social medicine division. |
|
| 942 |
_2ddc _cBK |
||
| 999 |
_c2921 _d2921 |
||